Una apuesta en la velada de San Juan (Record no. 163876)

MARC details
000 -LEADER
campo de control de longitud fija 00955nam a22001935i 4500
001 - NÚMERO DE CONTROL
campo de control 163876
003 - IDENTIFICADOR DE NÚMERO DE CONTROL
campo de control ES-MaACL
005 - FECHA Y HORA DE LA ÚLTIMA TRANSACCIÓN
campo de control 20230906212829.0
008 - DATOS DE LONGITUD FIJA--INFORMACIÓN GENERAL
campo de control de longitud fija 020129s1865 sp |||| | spa d
040 ## - FUENTE DE CATALOGACIÓN
Centro catalogador/agencia de origen CAM
Lengua de catalogación spa
Centro/agencia transcriptor CAM
100 1# - ENTRADA PRINCIPAL--NOMBRE DE PERSONA
Nombre de persona Rojas, Natividad de.
9 (RLIN) 132008
245 14 - MENCIÓN DEL TÍTULO
Título Una apuesta en la velada de San Juan
Resto del título : zarzuela en un acto y en verso /
Mención de responsabilidad, etc. letra y música original de Natividad de Rojas.
260 ## - PUBLICACIÓN, DISTRIBUCIÓN, ETC.
Lugar de publicación, distribución, etc. Madrid :
Nombre del editor, distribuidor, etc. [s.n.],
Fecha de publicación, distribución, etc. 1865 (
Fabricante Imprenta de José Rodriguez)
300 ## - DESCRIPCIÓN FÍSICA
Extensión 34 p. ;
Dimensiones 20 cm.
500 ## - NOTA GENERAL
Nota general En port.: Representada en el Teatro del Circo, la noche del 24 de enero de 1865.
500 ## - NOTA GENERAL
Nota general Solo la letra.
596 ## - NOTA AL PIE DE IMPRENTA
NOTA AL PIE DE IMPRENTA En verso de prot. consta: "... de la Administración Lírico-Dramática ..."
852 ## - LOCALIZACIÓN
Ubicación ES-MaACL
Número de control de estantería F-8580(3)
Nota libre -- Enc. pasta española, falto de la cub. original
-- -- Enc. en un vol. facticio, formando parte de la col. facticia: "Teatro español moderno", vol. 33
-- .- Dedicatoria manuscrita de la autora
Holdings
Estatus retirado Estado de pérdida Estado de daño No para préstamo Colección Biblioteca de origen Biblioteca actual Ubicación en estantería Fecha de adquisición Total de préstamos Signatura topográfica completa Código de barras Visto por última vez Precio de reemplazo Tipo de ítem Koha
        Libros del s. XIX Biblioteca del Ateneo de Madrid Biblioteca del Ateneo de Madrid Sala Pecera Planta 2 17/01/2008   F-8580(3) 1171746 23/02/2023 23/02/2023 Libro impreso antiguo